00885nam a2200277Ia 4500008004100000050001700041050002000058100002300078245007400101245007100175245002300246260001200269260001300281260000900294300001600303300002000319300001100339650002900350650002000379650002800399650001700427650004000444650001700484650005300501650005300554160303s9999 xx 000 0 und d aFIL HD 2753  b.P6R49 2004 c.1 aReyes, Virgilio D. 4aThe Business taxes in the national internal revenue code simplified : bwith the community tax, estate tax, donor's tax and tax remedies / cVirgilio D. Reyes. aManila: b[s.n.] : c2004 a190 pages : billustrations ; c23 cm. aBusiness enterprises --  aCorporations -- aInernal revenuw law --  aTaxation --  xLaw and legislation -- Philippines. xPhilippines. xTaxation -- Law and legislation -- Philippines.  xTaxation -- Law and legislation -- Philippines.